| 000 | 01198nam a22002537a 4500 | ||
|---|---|---|---|
| 005 | 20170124103120.0 | ||
| 010 | _aB-082012 | ||
| 020 |
_c295.00 _a8178571137 |
||
| 035 | _aB-082012 | ||
| 037 | _bCen Lib/Ret | ||
| 040 |
_aDPL _bHN |
||
| 082 |
_aक _bदेहदे |
||
| 245 |
_aदेह-देहरी : _cसंपादक चित्रा मुद्गल _bप्रतिनिधि महिला कथाकारों की कहानियां / |
||
| 246 |
_aDeh-dehri : pratinidhi mahila kathakaron ki kahaniyan / _bsampadak Chitra Mudgal |
||
| 260 |
_aदिल्ली _bसाहित्य प्रकाशन _c2003 |
||
| 270 |
_a101, फर्स्ट फ्लोर, प्रताप नगर, मयूर विहार-1 _bदिल्ली _e110091 |
||
| 300 |
_a310पृ. _c21सेमी(सजिल्द ) |
||
| 650 |
_aसाहित्य--कहानियां _x _z _981724 |
||
| 650 |
_aहिंदी कहानियां _92082 |
||
| 650 |
_aLiterature--Stories _981725 |
||
| 650 |
_aHindi Stories _981726 |
||
| 700 |
_aमुद्गल, चित्रा _981727 |
||
| 942 |
_2ddc _cHN _hक _mदेहदे |
||
| 999 |
_c118748 _d118748 |
||